logo

Bir Sreshtho Munshi Abdur Rouf Library
Jhenaidah Cadet College

Beginning algebra / (Record no. 8978)

MARC details
000 -LEADER
fixed length control field 00652pam a2200253 i 4500
001 - CONTROL NUMBER
JCCL Control Number 8978
003 - CONTROL NUMBER IDENTIFIER
JCCL marc code BD-JhCC
005 - DATE AND TIME OF LATEST TRANSACTION
control field 20180306122804.0
008 - FIXED-LENGTH DATA ELEMENTS--GENERAL INFORMATION
fixed length control field 180306s1978 mau 001 0 eng
020 ## - INTERNATIONAL STANDARD BOOK NUMBER
International Standard Book Number 0871502496
035 ## - SYSTEM CONTROL NUMBER
system control number (BD-JhCC)8978
040 ## - CATALOGING SOURCE
Original cataloging agency DLC
Transcribing agency DLC
Modifying agency DLC
-- BD-JhCC
041 ## - LANGUAGE CODE
Language code of Book eng
050 00 - LIBRARY OF CONGRESS CALL NUMBER
Classification number QA152.2
Item number .G62 1978
082 00 - DEWEY DECIMAL CLASSIFICATION NUMBER
Classification number 512.9
Author mark and Year GOB 1978
100 1# - MAIN ENTRY--PERSONAL NAME
Personal name Gobran, Alfonse.
245 10 - TITLE STATEMENT
Title Beginning algebra /
Statement of responsibility, etc Alfonse Gobran.
250 ## - EDITION STATEMENT
Edition statement 2nd ed.
260 ## - PUBLICATION, DISTRIBUTION, ETC. (IMPRINT)
Place of publication, distribution, etc Boston :
Name of publisher, distributor, etc Prindle, Weber & Schmidt,
Date of publication, distribution, etc c1978.
300 ## - PHYSICAL DESCRIPTION
Pagination x, 355 p. :
Other physical details graphs ;
Dimensions 26 cm.
500 ## - GENERAL NOTE
General note Includes index.
650 #0 - SUBJECT ADDED ENTRY--TOPICAL TERM
Topical term or geographic name as entry element Algebra.
942 ## - ADDED ENTRY ELEMENTS (KOHA)
Source of classification or shelving scheme Dewey Decimal Classification
Koha item type Books
Holdings
Source of classification or shelving scheme Damaged status Not for loan Home library Current library Shelving location Date of accession Total Checkouts Full call number Barcode Date last seen Copy number Koha item type
Dewey Decimal Classification     JCC Rouf Library JCC Rouf Library General Stacks 03/06/2018   512.9 GOB 1978 11231 03/06/2018 C-1 Books

JCC Library | Contacts | JCC Home

Last Update on 23 September 2017
Copyright @ 2017-2020 JCC Rouf Library
Rouf Library, Jhenidah Cadet College (JCC), Bangladesh